[Event "ICS rated standard match"]
[Site "204.178.125.65"]
[Date "2000.08.22"]
[Round "?"]
[White "QueenMaxima"]
[Black "Hossa"]
[Result "0-1"]
[WhiteElo "2310"]
[BlackElo "2370"]
[PlyCount "140"]
[EventDate "2000.??.??"]

1. d4 d5 2. c4 dxc4 3. Nf3 e6 4. e3 b5 5. a4 c6 6. b3 cxb3 7. axb5 Qd5 8. b6 a5
9. Nfd2 Bb4 10. Ba3 b2 11. Bxb2 Qd8 12. Bc3 Bxc3 13. Nxc3 Nd7 14. Nc4 Nxb6 15.
Nxa5 Ne7 16. Nc4 Rxa1 17. Qxa1 O-O 18. Be2 Nxc4 19. Bxc4 e5 20. dxe5 Ng6 21.
Ne4 Qe7 22. f4 Qb4+ 23. Nd2 Rd8 24. Qc1 Nh4 25. Rg1 Nf5 26. e4 Ne3 27. Be2 Qd4
28. Nf3 Qxe4 29. h3 Nd5 30. Qc4 Qxf4 31. Qxf4 Nxf4 32. Bc4 h6 33. Kf2 Bxh3 34.
gxh3 Nxh3+ 35. Ke3 Nxg1 36. Nxg1 Kf8 37. Ne2 Re8 38. Kd4 h5 39. Nf4 h4 40. Nh3
Ke7 41. Kc5 Rh8 42. Be2 Rh6 43. Bg4 f6 44. Kd4 Rg6 45. Bf5 Rg3 46. Nf4 fxe5+
47. Kxe5 g5 48. Nh5 Ra3 49. Be4 Ra5+ 50. Kd4 Kd6 51. Ng7 c5+ 52. Kd3 h3 53. Nh5
Ra3+ 54. Ke2 Ke5 55. Bc6 c4 56. Kd2 h2 57. Bh1 g4 58. Ke2 Rh3 59. Ng7 Rh7 60.
Ne8 Re7 61. Kd2 Rxe8 62. Kc3 g3 63. Bg2 Rf8 64. Bb7 Rf2 65. Kxc4 g2 66. Bxg2
Rxg2 67. Kb5 Rc2 68. Kb6 h1=Q 69. Ka7 Rb2 70. Ka6 Qa1# 0-1

[Event "ICS rated standard match"]
[Site "204.178.125.65"]
[Date "2000.08.22"]
[Round "?"]
[White "BrazilianMaster"]
[Black "Hossa"]
[Result "1-0"]
[WhiteElo "2591"]
[BlackElo "2383"]
[PlyCount "93"]
[EventDate "2000.??.??"]

1. e4 c5 2. Nf3 d6 3. Bb5+ Bd7 4. Bxd7+ Qxd7 5. c4 Nc6 6. Nc3 g6 7. d4 Bg7 8.
Be3 cxd4 9. Nxd4 Nf6 10. f3 O-O 11. O-O Rfc8 12. Nde2 Qd8 13. Qd2 Qf8 14. b3
Nd7 15. Rad1 Re8 16. Qd5 Bh6 17. f4 Nf6 18. Qd3 Nb4 19. Qb1 Ng4 20. Bc1 Bg7 21.
h3 Bxc3 22. Nxc3 Nf6 23. e5 Nh5 24. a3 Na6 25. g4 Ng7 26. exd6 Red8 27. dxe7
Qxe7 28. Nd5 Qh4 29. Qd3 Nc7 30. Bb2 Nxd5 31. cxd5 Rac8 32. f5 gxf5 33. Bxg7
Kxg7 34. Rxf5 Qh6 35. Qd4+ Kg8 36. Qe5 Qb6+ 37. Kh1 Qxb3 38. Rg5+ Kf8 39. Qg7+
Ke7 40. Re1+ Kd6 41. Qe5+ Kc5 42. d6+ Kc4 43. Qd5+ Kc3 44. Re3+ Kc2 45. Qxb3+
Kc1 46. Rd5 Rxd6 47. Re1# {Hossa checkmated} 1-0

[Event "ICS rated blitz match"]
[Site "204.178.125.65"]
[Date "2000.08.22"]
[Round "?"]
[White "Hossa"]
[Black "MissSilicon"]
[Result "1/2-1/2"]
[WhiteElo "2379"]
[BlackElo "2726"]
[PlyCount "115"]
[EventDate "2000.??.??"]

1. e4 e6 2. d4 d5 3. Nc3 Bb4 4. e5 b6 5. a3 Bxc3+ 6. bxc3 Ne7 7. Qg4 O-O 8. Bg5
Nd7 9. Bd3 f6 10. Qxe6+ Rf7 11. exf6 gxf6 12. Bxh7+ Kg7 13. Bh6+ Kxh7 14. Qxf7+
Kxh6 15. g4 Qf8 16. Qh5+ Kg7 17. g5 Ng6 18. Ne2 Ba6 19. Qh6+ Kf7 20. Qh7+ Qg7
21. Qh3 Rd8 22. Qf5 Bxe2 23. Kxe2 Ne7 24. gxf6 Nxf5 25. fxg7 Re8+ 26. Kf3 Nf6
27. h4 Re4 28. h5 Nh4+ 29. Kg3 Nxh5+ 30. Kh3 Nxg7 31. Rae1 Rf4 32. Re2 Ngf5 33.
Rd1 Rf3+ 34. Kg4 Rxc3 35. Re5 Rxc2 36. Rxf5+ Nxf5 37. Kxf5 Rxf2+ 38. Ke5 c6 39.
Kd6 Rf6+ 40. Kc7 Re6 41. Kb7 Ke7 42. Kxa7 c5 43. dxc5 bxc5 44. Rxd5 Re3 45. a4
c4 46. Kb7 c3 47. Rc5 Kd6 48. Rc6+ Kd5 49. a5 Re7+ 50. Kb6 Re6 51. Rxe6 Kxe6
52. a6 c2 53. a7 c1=Q 54. a8=Q Qe3+ 55. Kc7 Qf4+ 56. Kc8 Qf8+ 57. Kb7 Qxa8+ 58.
Kxa8 1/2-1/2

[Event "ICS rated blitz match"]
[Site "204.178.125.65"]
[Date "2000.08.22"]
[Round "?"]
[White "MissSilicon"]
[Black "Hossa"]
[Result "1/2-1/2"]
[WhiteElo "2714"]
[BlackElo "2391"]
[PlyCount "155"]
[EventDate "2000.??.??"]

1. f4 e5 2. e4 exf4 3. Qg4 Qf6 4. d3 Bd6 5. Nc3 h5 6. Qf3 Nc6 7. Nd5 Qh4+ 8.
Qf2 Qxf2+ 9. Kxf2 g5 10. Bd2 Kd8 11. Nf3 f6 12. Bc3 g4 13. Nh4 Bc5+ 14. Ke2 b5
15. Ng6 f3+ 16. gxf3 gxf3+ 17. Kxf3 Rh6 18. Ngf4 b4 19. Bd2 Nd4+ 20. Kg2 Rh7
21. Bxb4 Nxc2 22. Bxc5 Nxa1 23. Kf2 d6 24. Rg1 Nh6 25. Bd4 Ng4+ 26. Ke2 c6 27.
Bxf6+ Ke8 28. h3 cxd5 29. Nxd5 Rf7 30. hxg4 Bxg4+ 31. Kd2 Rc8 32. Bc3 Rf2+ 33.
Ke1 Rh2 34. Rg2 Rxg2 35. Bxg2 Kf7 36. Kd2 h4 37. b4 h3 38. Bh1 Be6 39. Bxa1
Bxd5 40. exd5 h2 41. Bd4 a6 42. a4 Rg8 43. Be3 Rg1 44. Bf3 Rf1 45. Be4 h1=R 46.
Bxh1 Rxh1 47. Kc3 Ra1 48. Kb3 Rb1+ 49. Kc4 Rb2 50. Kc3 Ra2 51. Kb3 Ra1 52. b5
axb5 53. axb5 Rb1+ 54. Kc4 Ke7 55. Bd4 Kd8 56. b6 Kc8 57. Be3 Kd7 58. Bf2 Ke7
59. Bd4 Kd8 60. Bc3 Rc1 61. Kb3 Rb1+ 62. Bb2 Kc8 63. Kc2 Rf1 64. Kb3 Kb7 65.
Bd4 Rb1+ 66. Kc3 Ka6 67. Kc4 Ka5 68. Bf2 Rb4+ 69. Kc3 Ka4 70. Be3 Rb3+ 71. Kc4
Rb2 72. Kc3 Rb4 73. Bf2 Ka5 74. Be3 Rb5 75. Kc4 Rb4+ 76. Kc3 Rb5 77. Kc4 Rb4+
78. Kc3 1/2-1/2

[Event "ICS rated blitz match"]
[Site "204.178.125.65"]
[Date "2000.08.22"]
[Round "?"]
[White "Hossa"]
[Black "MissSilicon"]
[Result "0-1"]
[WhiteElo "2403"]
[BlackElo "2702"]
[PlyCount "150"]
[EventDate "2000.??.??"]

1. e4 e6 2. d3 d5 3. Nd2 Nc6 4. Ngf3 Bc5 5. c3 dxe4 6. Nxe4 Bb6 7. d4 f5 8. Ng3
Nf6 9. Bd3 O-O 10. O-O Qd6 11. Re1 Nd5 12. Bg5 h6 13. Bc1 Bd7 14. Bc4 a6 15.
Rb1 Na5 16. Be2 Ba7 17. Ne5 Be8 18. Bf3 Rd8 19. Qe2 Rf6 20. Bd2 Nc6 21. Nh5
Bxh5 22. Bxh5 b5 23. Bf3 Nb8 24. Bh5 Nd7 25. b4 c6 26. Nd3 Bb8 27. g3 Bc7 28.
Ne5 N7b6 29. Bf3 Kh8 30. Bg2 Kg8 31. f4 Kh7 32. Qh5 g6 33. Qe2 Kg8 34. Ra1 Na4
35. Rac1 Nab6 36. Rc2 Kg7 37. Nd3 Nd7 38. a3 a5 39. Nc5 Nxc5 40. bxc5 Qd7 41.
Rb2 Ne7 42. Rbb1 h5 43. Ra1 Nd5 44. a4 b4 45. cxb4 axb4 46. Qc4 Ba5 47. Qa6 Qc7
48. Rab1 Rb8 49. Qf1 b3 50. Qe2 Bc3 51. Qf2 Qa5 52. Bxd5 Bxd2 53. Bxc6 Bxe1 54.
Rxe1 Qb4 55. Rd1 Rd8 56. Qb2 e5 57. Bb5 Rxd4 58. Rc1 exf4 59. Qe2 b2 60. Qe7+
Rf7 61. Qe5+ Kh7 62. Rb1 Re4 63. Qd5 Re1+ 64. Kf2 Rfe7 65. Qd6 fxg3+ 66. hxg3
Qc3 67. Kg2 Qc2+ 68. Kh3 Qxb1 69. Bf1 Qe4 70. Qxe7+ Qxe7 71. Bg2 b1=Q 72. Kh2
Rh1+ 73. Bxh1 Qe2+ 74. Bg2 Qbe4 75. c6 Q4xg2# {Hossa checkmated} 0-1

[Event "ICS rated blitz match"]
[Site "204.178.125.65"]
[Date "2000.08.22"]
[Round "?"]
[White "PostModernist"]
[Black "Hossa"]
[Result "1-0"]
[WhiteElo "2699"]
[BlackElo "2398"]
[PlyCount "103"]
[EventDate "2000.??.??"]

1. d4 d5 2. Nf3 Nc6 3. Bf4 Bf5 4. e3 e6 5. c3 Bd6 6. Bd3 Bxd3 7. Qxd3 Bxf4 8.
exf4 Nf6 9. Ne5 O-O 10. Nd2 Ne7 11. O-O-O c5 12. dxc5 Qa5 13. Kb1 Qxc5 14. Rhf1
Qc7 15. g4 Nc6 16. Ndf3 Rac8 17. h4 Nxe5 18. Nxe5 Ne4 19. f3 Nc5 20. Qe2 f6 21.
Nd3 Rfe8 22. Nxc5 Qxc5 23. Rfe1 b5 24. Qd3 Rcd8 25. a3 a5 26. g5 f5 27. Qc2 Rc8
28. Qd2 Rc7 29. h5 Qc6 30. h6 Ree7 31. hxg7 Rxg7 32. Qe2 Rge7 33. Rd4 Qb6 34.
Qe5 Qc6 35. Rh1 Rg7 36. Rh6 Rg6 37. Rd2 Qb6 38. Rxg6+ hxg6 39. Qf6 Rg7 40. Rd1
Qe3 41. Qd8+ Kf7 42. Rh1 Qc5 43. Qf6+ Kg8 44. Qxe6+ Rf7 45. Qxg6+ Kf8 46. Qe6
Kg8 47. g6 Qf8 48. Rg1 Kh8 49. gxf7 Qd6 50. Rg8+ Kh7 51. Qxf5+ Kh6 52. Qh3# {
Hossa checkmated} 1-0

[Event "ICS rated blitz match"]
[Site "204.178.125.65"]
[Date "2000.08.22"]
[Round "?"]
[White "MissSilicon"]
[Black "Hossa"]
[Result "0-1"]
[WhiteElo "2715"]
[BlackElo "2393"]
[PlyCount "114"]
[EventDate "2000.??.??"]

1. d4 d5 2. c4 e6 3. Nc3 Nf6 4. Bg5 Be7 5. e3 O-O 6. Nf3 h6 7. Bh4 Ne4 8. Bxe7
Qxe7 9. cxd5 Nxc3 10. bxc3 exd5 11. Qb3 Rd8 12. Bd3 c5 13. Qa3 b6 14. Rb1 Nc6
15. h3 Bd7 16. dxc5 bxc5 17. O-O Rab8 18. Rfd1 Rxb1 19. Rxb1 Qd6 20. Rb7 Bc8
21. Rb5 c4 22. Qxd6 Rxd6 23. Bc2 f5 24. Nd4 Nxd4 25. cxd4 Kf7 26. Rc5 Be6 27.
Rc7+ Rd7 28. Rxd7+ Bxd7 29. f4 g6 30. Kf2 Ke7 31. Ke2 a5 32. g3 a4 33. Kd2 Kd6
34. Kc3 Kc7 35. g4 fxg4 36. hxg4 h5 37. gxh5 gxh5 38. e4 h4 39. exd5 h3 40.
Kxc4 h2 41. Be4 Bf5 42. Bf3 Bb1 43. Kc5 Bxa2 44. f5 a3 45. d6+ Kd8 46. Kb4 Bd5
47. Bxd5 h1=Q 48. Bxh1 a2 49. Be4 a1=Q 50. Kc4 Qa6+ 51. Kc3 Qxd6 52. d5 Qf6+
53. Kd3 Ke7 54. Kc4 Kd6 55. Bc2 Qe5 56. Kb3 Kxd5 57. f6 Qxf6 {
MissSilicon resigns} 0-1

[Event "ICS rated standard match"]
[Site "204.178.125.65"]
[Date "2000.08.22"]
[Round "?"]
[White "Hossa"]
[Black "BrazilianMaster"]
[Result "0-1"]
[WhiteElo "2376"]
[BlackElo "2595"]
[PlyCount "114"]
[EventDate "2000.??.??"]

1. e4 e5 2. Nf3 Nc6 3. c3 Nf6 4. d4 exd4 5. e5 Ne4 6. Qe2 f5 7. exf6 d5 8. Ng5
Qxf6 9. f3 d3 10. Nxe4 dxe2 11. Nxf6+ gxf6 12. Bxe2 Bf5 13. g4 Be6 14. Bb5 h5
15. gxh5 Kd7 16. Bf4 Re8 17. Nd2 Bh3+ 18. Kd1 Rxh5 19. Re1 Be7 20. Nb3 a6 21.
Bxc6+ bxc6 22. Kc2 a5 23. Nxa5 Rf5 24. Bg3 Rxf3 25. Nb3 Bf5+ 26. Kc1 Bd6 27.
Rg1 c5 28. Kd1 Rfe3 29. Rf1 Bxg3 30. hxg3 c4 31. Nc5+ Kd6 32. b4 Bg4+ 33. Kc1
Rxc3+ 34. Kb2 d4 35. Rxf6+ Kd5 36. Rf2 Rxg3 37. Na6 Re7 38. Nc5 c3+ 39. Kb3 Re2
40. Rxe2 Bxe2 41. Rh1 Rg8 42. a3 Bc4+ 43. Kc2 Rg2+ 44. Kc1 d3 45. Kd1 Ra2 46.
Rh5+ Kd4 47. Rh4+ Ke5 48. Rh5+ Kf4 49. Rh4+ Kf5 50. Nxd3 Bxd3 51. Ke1 Re2+ 52.
Kd1 c2+ 53. Kc1 Re1+ 54. Kd2 c1=Q+ 55. Kxd3 Rd1+ 56. Ke2 Rd2+ 57. Kf3 Qxa3# {
Hossa checkmated} 0-1

[Event "ICS rated standard match"]
[Site "204.178.125.65"]
[Date "2000.08.22"]
[Round "?"]
[White "BrazilianMaster"]
[Black "Hossa"]
[Result "1/2-1/2"]
[WhiteElo "2602"]
[BlackElo "2369"]
[PlyCount "229"]
[EventDate "2000.??.??"]

1. Nf3 Nf6 2. d4 g6 3. c4 Bg7 4. Nc3 O-O 5. e4 d6 6. Be2 e5 7. d5 Na6 8. Nd2
Bh6 9. Nb3 Bxc1 10. Qxc1 Ne8 11. O-O Ng7 12. f4 f5 13. fxe5 dxe5 14. c5 b6 15.
c6 fxe4 16. Rxf8+ Qxf8 17. Nxe4 Bf5 18. Bxa6 Bxe4 19. Qc4 Bf5 20. g4 Bc8 21.
Bxc8 Qxc8 22. d6+ Qe6 23. Qxe6+ Nxe6 24. Rd1 Rf8 25. h4 cxd6 26. Rxd6 Nc7 27.
h5 gxh5 28. gxh5 Rc8 29. Kf2 a5 30. a4 Ne8 31. Rh6 Rc7 32. Ke2 Ng7 33. Kf3 Nf5
34. Re6 Ng7 35. Rxe5 Rxc6 36. Nd4 Rd6 37. Ne2 Rd3+ 38. Ke4 Rh3 39. Nf4 Rh1 40.
Rb5 Re1+ 41. Kd3 Ne6 42. Nd5 Nc5+ 43. Kc2 Nxa4 44. b3 Nc5 45. Nxb6 Re5 46. Rxa5
Rxh5 47. b4 Rh2+ 48. Kc3 Rh3+ 49. Kc4 Nd3 50. Ra7 Nxb4 51. Kxb4 h5 52. Kc5 Rf3
53. Nd5 Rf8 54. Kd6 Rf7 55. Ne7+ Kg7 56. Ke5 h4 57. Nf5+ Kg6 58. Nxh4+ Kg7 59.
Ra8 Re7+ 60. Kf5 Rf7+ 61. Ke6 Rf6+ 62. Ke5 Rc6 63. Nf5+ Kf7 64. Ra7+ Kf8 65.
Nd6 Kg8 66. Rd7 Rc5+ 67. Ke6 Ra5 68. Kf6 Ra4 69. Rg7+ Kf8 70. Rf7+ Kg8 71. Re7
Rf4+ 72. Nf5 Kf8 73. Rb7 Ke8 74. Ke6 Re4+ 75. Kd6 Rc4 76. Ng7+ Kf8 77. Ne6+ Kg8
78. Ke5 Rh4 79. Rg7+ Kh8 80. Rc7 Rh5+ 81. Kf6 Rh6+ 82. Kf5 Kg8 83. Rg7+ Kh8 84.
Re7 Kg8 85. Rc7 Kh8 86. Rd7 Kg8 87. Rb7 Kh8 88. Ke5 Rh5+ 89. Kf6 Rh6+ 90. Kf5
Kg8 91. Ra7 Kh8 92. Ke5 Rh5+ 93. Kf6 Rh6+ 94. Kf5 Kg8 95. Ke5 Rh5+ 96. Kd6 Kh8
97. Rd7 Rf5 98. Re7 Kg8 99. Rg7+ Kh8 100. Rd7 Kg8 101. Re7 Ra5 102. Rb7 Ra6+
103. Ke5 Ra2 104. Rg7+ Kh8 105. Re7 Rf2 106. Rb7 Rf1 107. Rd7 Rf2 108. Re7 Rf1
109. Rd7 Rf2 110. Re7 Rf1 111. Kd6 Rd1+ 112. Kc7 Rc1+ 113. Kd8 Rd1+ 114. Rd7
Rxd7+ 115. Kxd7 1/2-1/2

[Event "ICS rated standard match"]
[Site "204.178.125.65"]
[Date "2000.08.22"]
[Round "?"]
[White "Hossa"]
[Black "BrazilianMaster"]
[Result "0-1"]
[WhiteElo "2378"]
[BlackElo "2593"]
[PlyCount "122"]
[EventDate "2000.??.??"]

1. e4 e5 2. Nf3 Nc6 3. Bb5 a6 4. Ba4 Nf6 5. O-O Be7 6. Re1 d6 7. d4 Bd7 8. d5
Nb8 9. Bxd7+ Nbxd7 10. Nc3 O-O 11. h3 c6 12. Be3 cxd5 13. exd5 Qa5 14. Nh4 g6
15. Rb1 Rfc8 16. Nf3 b5 17. a3 b4 18. axb4 Qxb4 19. Bh6 Bf8 20. Qd2 Bxh6 21.
Qxh6 Rab8 22. Kh2 Rc5 23. Red1 Nb6 24. Ng5 Qf4+ 25. Kg1 Rc4 26. g4 Rd4 27. Rxd4
exd4 28. Nce4 Nbxd5 29. Nxf6+ Nxf6 30. Nxf7 Qxh6 31. Nxh6+ Kf8 32. h4 Nd5 33.
Kg2 Nc3 34. Ra1 Rxb2 35. Rxa6 Rxc2 36. Rxd6 Rxf2+ 37. Kg1 Rd2 38. Rd7 d3 39.
Kf1 Rd1+ 40. Kg2 Ke8 41. Rd6 Ke7 42. Rd4 d2 43. Kf2 Nb1 44. g5 Rh1 45. Ng8+ Kf7
46. Nf6 Rxh4 47. Rxh4 d1=Q 48. Rxh7+ Ke6 49. Rd7 Nd2 50. Rh7 Qf3+ 51. Ke1 Nc4
52. Nd7 Qe3+ 53. Kf1 Nd2+ 54. Kg2 Qf3+ 55. Kh2 Qf2+ 56. Kh1 Nf3 57. Nc5+ Kd5
58. Rd7+ Kc4 59. Rd4+ Kxd4 60. Nb3+ Kd5 61. Nc1 Qh2# {Hossa checkmated} 0-1

[Event "ICS rated blitz match"]
[Site "204.178.125.65"]
[Date "2000.08.22"]
[Round "?"]
[White "Hossa"]
[Black "QueenMaxima"]
[Result "0-1"]
[WhiteElo "2421"]
[BlackElo "2528"]
[PlyCount "70"]
[EventDate "2000.??.??"]

1. e4 c5 2. c3 d5 3. exd5 Qxd5 4. d4 e6 5. Nf3 Nf6 6. Bd3 Be7 7. O-O O-O 8. Be3
Nc6 9. c4 Qh5 10. Nc3 Rd8 11. dxc5 Nb4 12. Bd4 e5 13. Nxe5 Rxd4 14. Bxh7+ Kxh7
15. Qxd4 Nc2 16. Qf4 Nxa1 17. Rxa1 Bxc5 18. Re1 Bb4 19. c5 Bxc3 20. bxc3 Be6
21. c6 bxc6 22. a4 c5 23. Qe3 Rd8 24. f3 Qh4 25. Nc6 Re8 26. Ra1 Bc4 27. Qc1
Re2 28. Kh1 Bd5 29. Qb1+ Be4 30. fxe4 Ng4 31. e5+ g6 32. Qg1 Nf2+ 33. Qxf2 Qxf2
34. Rg1 Re1 35. Rxe1 Qxe1# {Hossa checkmated} 0-1

[Event "ICS rated blitz match"]
[Site "204.178.125.65"]
[Date "2000.08.22"]
[Round "?"]
[White "MissSilicon"]
[Black "Hossa"]
[Result "1-0"]
[WhiteElo "2723"]
[BlackElo "2410"]
[PlyCount "119"]
[EventDate "2000.??.??"]

1. e4 e5 2. f4 Nf6 3. fxe5 Nxe4 4. Nf3 d6 5. d3 Nc5 6. d4 Ne4 7. Bd3 d5 8. O-O
Be7 9. c4 c6 10. Qe2 Be6 11. cxd5 cxd5 12. Bxe4 dxe4 13. Qxe4 Qd5 14. Qxd5 Bxd5
15. Nc3 Bc4 16. Rd1 O-O 17. b3 Be6 18. d5 Bc5+ 19. Kh1 Bf5 20. Bf4 Nd7 21. Nb5
Rfc8 22. Rac1 Bg6 23. d6 Rab8 24. Nc7 Ba3 25. Rc4 Nb6 26. Rcd4 Bc5 27. R4d2 Bf5
28. Nb5 Nd7 29. h3 Bb6 30. Nbd4 Bg6 31. Nh4 Re8 32. Ndf5 Bxf5 33. Nxf5 Bd8 34.
Rd5 Rc8 35. Nd4 a6 36. Kh2 g5 37. Bg3 h5 38. Nf3 g4 39. Nd4 h4 40. Bf4 g3+ 41.
Kg1 Rc3 42. Nf3 a5 43. Kf1 Rc2 44. R5d2 Rc3 45. Rd3 Rc2 46. R1d2 Rc1+ 47. Ke2
Bf6 48. Rd5 Bd8 49. Be3 Rc3 50. R2d4 Rc2+ 51. Kd3 Rxg2 52. Rg4+ Kh8 53. e6 f5
54. Rxf5 Nf6 55. Bd4 Kh7 56. Bxf6 Rd2+ 57. Kxd2 Kh6 58. Bg7+ Kh7 59. Rh5+ Kg8
60. Rh8# {Hossa checkmated} 1-0

[Event "ICS rated blitz match"]
[Site "204.178.125.65"]
[Date "2000.08.22"]
[Round "?"]
[White "Hossa"]
[Black "MissSilicon"]
[Result "0-1"]
[WhiteElo "2405"]
[BlackElo "2728"]
[PlyCount "112"]
[EventDate "2000.??.??"]

1. e4 c5 2. Nf3 Nc6 3. Bb5 g6 4. Bxc6 dxc6 5. O-O Bg7 6. d3 Nf6 7. Nc3 O-O 8.
Bg5 Qc7 9. Be3 b6 10. h3 Rd8 11. Qc1 e5 12. Bh6 Be6 13. Bxg7 Kxg7 14. Ng5 Bd7
15. f4 a5 16. fxe5 Qxe5 17. Qf4 Re8 18. Rac1 Re7 19. Qxe5 Rxe5 20. Nf3 Re7 21.
Kf2 Rae8 22. e5 Nd5 23. Ne4 Rd8 24. a3 f5 25. Nd6 Be6 26. Ng5 Bg8 27. Rfe1 Kh6
28. h4 Red7 29. g3 Kh5 30. Nh3 Kg4 31. Rh1 Nf6 32. exf6 Rxd6 33. Nf4 Rxf6 34.
Rce1 Bd5 35. Rh2 Rfd6 36. a4 c4 37. d4 Be4 38. c3 c5 39. d5 Bxd5 40. h5 g5 41.
Ne2 Bc6 42. h6 Rd2 43. Rb1 Bxa4 44. Rf1 Bd1 45. Rxd1 Rxd1 46. Rg2 R8d2 47. Rh2
Rxb2 48. Rg2 a4 49. Rh2 a3 50. Ke3 Rd3+ 51. Kf2 a2 52. Rg2 a1=Q 53. Rg1 Rxe2+
54. Kxe2 Qb2+ 55. Ke1 Qd2+ 56. Kf1 Rf3# {Hossa checkmated} 0-1

[Event "ICS Rated standard match"]
[Site "204.178.125.65"]
[Date "2000.08.22"]
[Round "?"]
[White "Hossa"]
[Black "rawex"]
[Result "0-1"]
[WhiteElo "2371"]
[BlackElo "2206"]
[PlyCount "160"]
[EventDate "2000.??.??"]

1. Nf3 d5 2. c4 dxc4 3. Na3 e5 4. Nxe5 Bxa3 5. Qa4+ Nd7 6. Nxd7 Bxd7 7. Qxa3
Bc6 8. Qc3 Nf6 9. Qxc4 O-O 10. d3 Re8 11. Bg5 Qd6 12. Be3 Nd5 13. Bc5 Qd7 14.
e3 b6 15. Ba3 Bb5 16. Qc2 c5 17. Rd1 Nf4 18. g3 Bc6 19. e4 Ne6 20. Bh3 Rad8 21.
Bg4 Qd6 22. O-O Nd4 23. Qc1 Qg6 24. Qf4 Bd7 25. h3 h5 26. Bxd7 Ne2+ 27. Kh2
Nxf4 28. Bxe8 Nxd3 29. Bb5 Qxe4 30. b3 Rd4 31. Bxd3 Rxd3 32. Rde1 Qb7 33. Bc1
Qa6 34. a3 Qb5 35. Re7 Rxg3 36. Kxg3 Qxf1 37. Be3 Qd3 38. Rxa7 Qxb3 39. Rb7 Qe6
40. Rb8+ Kh7 41. Rd8 c4 42. Kg2 c3 43. Rd1 b5 44. Rg1 Qa6 45. Bc1 Qc6+ 46. f3
Qg6+ 47. Kf2 Qc2+ 48. Ke3 Qh2 49. Re1 Qxh3 50. Kf2 Qh4+ 51. Ke2 b4 52. axb4
Qxb4 53. Rg1 g6 54. Kf2 f5 55. Kg2 Qc4 56. Re1 f4 57. Re7+ Kh6 58. Re4 Qa2+ 59.
Kf1 g5 60. Re2 Qc4 61. Ke1 h4 62. Rh2 Qe6+ 63. Re2 Qd5 64. Rf2 Kh5 65. Rf1 h3
66. Rf2 Kh4 67. Rf1 h2 68. Rh1 Kh3 69. Ke2 g4 70. Ke1 Qxf3 71. Rxh2+ Kxh2 72.
Bd2 cxd2+ 73. Kxd2 Qe3+ 74. Kc2 f3 75. Kb2 g3 76. Kc2 g2 77. Kb2 f2 78. Kc2
f1=Q 79. Kb2 g1=Q 80. Kc2 Qgg2# {Hossa checkmated} 0-1

[Event "ICS rated blitz match"]
[Site "204.178.125.65"]
[Date "2000.08.22"]
[Round "?"]
[White "Hossa"]
[Black "QueenMaxima"]
[Result "1/2-1/2"]
[WhiteElo "2401"]
[BlackElo "2542"]
[PlyCount "259"]
[EventDate "2000.??.??"]

1. e4 c5 2. Nf3 e6 3. Nc3 a6 4. d4 cxd4 5. Nxd4 Bb4 6. Bd2 d6 7. a3 Bc5 8. Nb3
Bb6 9. Be2 Nf6 10. Bf4 e5 11. Bg5 h6 12. Bxf6 Qxf6 13. O-O Ba7 14. Nd5 Qd8 15.
Bg4 Nc6 16. Bxc8 Rxc8 17. Qg4 O-O 18. Rad1 Ne7 19. c3 Nxd5 20. Rxd5 Re8 21. Rd2
Qb6 22. Nc1 Rc4 23. Qf5 Re6 24. Nd3 Rf6 25. Qg4 Rg6 26. Qf3 Qc6 27. Re1 a5 28.
Nc1 Rf6 29. Qd3 Rf4 30. Rde2 Ra4 31. g3 Rf6 32. Rd1 Kh8 33. h4 Qb6 34. Rf1 Qc5
35. Nb3 Qc6 36. Nd2 Kg8 37. h5 Qb6 38. Qc2 Qb5 39. c4 Qd7 40. Rd1 b5 41. cxb5
Qxb5 42. Rde1 Bb6 43. Qc8+ Kh7 44. Qc3 Rd4 45. Re3 d5 46. Nf3 Rc4 47. Qb3 Qxb3
48. Rxb3 Rc2 49. Rxb6 Rxb6 50. exd5 f6 51. b4 axb4 52. axb4 Rc3 53. Nh4 Rd3 54.
Nf5 Rxd5 55. Rc1 Rd7 56. Rc4 Rdb7 57. Rc8 Rxb4 58. Nd6 Rd7 59. Nf5 Rb1+ 60. Kg2
Rb2 61. Rc1 Rdd2 62. Rf1 Ra2 63. g4 Kg8 64. Ne3 Kf7 65. Kg3 Re2 66. Nd5 Reb2
67. Ne3 Rd2 68. Kg2 Ke7 69. Nf5+ Kf8 70. Ne3 Rdb2 71. Nc4 Rc2 72. Ne3 Rd2 73.
Kg3 Ke8 74. Nf5 Ra3+ 75. Kg2 Ra4 76. Kg3 Rd3+ 77. Ne3 Rb3 78. Rc1 Kd7 79. Kh2
Ra2 80. Kg3 Rd3 81. Rb1 Rdd2 82. Rf1 Ke6 83. Nf5 Kf7 84. Ne3 Re2 85. Nd5 Reb2
86. Ne3 Rd2 87. Kg2 Ke7 88. Nf5+ Kf8 89. Ne3 Re2 90. Nf5 Re4 91. Kg3 Ra3+ 92.
Ne3 Ke7 93. Rb1 Rd4 94. Rb8 Rd8 95. Rb7+ Rd7 96. Rb8 Ra2 97. Nf5+ Kf7 98. Kg2
Ke6 99. Rb6+ Kd5 100. Ne3+ Kc5 101. Rb1 Rdd2 102. Rf1 e4 103. Rc1+ Kd4 104. Rf1
Re2 105. Kg3 Ke5 106. Nf5 Ra7 107. Rg1 Ra3+ 108. Ne3 Raa2 109. Rf1 Ra4 110. Rb1
Ra7 111. Rb5+ Ke6 112. Rb4 Kf7 113. Rxe4 Ra3 114. Rb4 Re1 115. Rb7+ Kg8 116.
Rb8+ Kh7 117. Rf8 Rd3 118. Kf4 Re2 119. Kg3 Rdd2 120. Ng2 Rxf2 121. Nf4 Ra2
122. Ng6 Rg2+ 123. Kf3 Raf2+ 124. Ke3 Re2+ 125. Kf4 Rgf2+ 126. Kg3 Rg2+ 127.
Kf4 Rgf2+ 128. Kg3 Rg2+ 129. Kf4 Rgf2+ 130. Kg3 1/2-1/2

[Event "ICS rated standard match"]
[Site "204.178.125.65"]
[Date "2000.08.22"]
[Round "?"]
[White "kajjohan"]
[Black "Hossa"]
[Result "0-1"]
[WhiteElo "1982"]
[BlackElo "2348"]
[PlyCount "112"]
[EventDate "2000.??.??"]

1. e4 e5 2. Nf3 Nc6 3. Bb5 a6 4. Ba4 Nf6 5. d3 d6 6. c3 Bd7 7. Nbd2 Be7 8. Nf1
b5 9. Bc2 b4 10. Bg5 O-O 11. Ne3 bxc3 12. bxc3 Rb8 13. Rb1 Rxb1 14. Qxb1 Qa8
15. Qb3 Rb8 16. Qa3 d5 17. Qc1 d4 18. cxd4 Bb4+ 19. Kf1 exd4 20. Nc4 Ne8 21. h4
Bc3 22. h5 Nb4 23. h6 Nxa2 24. Qd1 Nb4 25. g3 Nxc2 26. Qxc2 Bg4 27. Kg2 gxh6
28. Bxh6 Be6 29. Nce5 f6 30. Rh5 fxe5 31. Rg5+ Kh8 32. Nxe5 Rb6 33. Qe2 Qd8 34.
Qg4 Ba2 35. Nc4 Bxc4 36. dxc4 Rg6 37. Rxg6 hxg6 38. Qxg6 d3 39. Bg5 Qd7 40.
Qh6+ Kg8 41. Qg6+ Ng7 42. e5 d2 43. Bxd2 Qxd2 44. e6 Qe2 45. Qf7+ Kh7 46. e7
Bb4 47. e8=Q Qxe8 48. Qxc7 Qe4+ 49. Kh2 Be1 50. Qb6 Qc2 51. Kg2 a5 52. Qd4
Qxf2+ 53. Qxf2 Bxf2 54. Kxf2 a4 55. c5 a3 56. c6 Ne8 {kajjohan resigns} 0-1

[Event "ICS Rated standard match"]
[Site "204.178.125.65"]
[Date "2000.08.22"]
[Round "?"]
[White "Esen"]
[Black "Hossa"]
[Result "0-1"]
[WhiteElo "1943"]
[BlackElo "2351"]
[PlyCount "42"]
[EventDate "2000.??.??"]

1. d4 d5 2. Bf4 Nf6 3. e3 e6 4. Bg5 c5 5. Bxf6 Qxf6 6. c3 cxd4 7. cxd4 Bd6 8.
f4 O-O 9. Nf3 Nc6 10. a3 Ne7 11. Bd3 Nf5 12. Bxf5 Qxf5 13. O-O b6 14. Nc3 Ba6
15. Re1 Rfc8 16. Rc1 Rc7 17. Qd2 Rac8 18. Na2 Rc2 19. Rxc2 Rxc2 20. Qd1 Rxb2
21. Qa4 Bb5 {Esen resigns} 0-1

[Event "ICS rated blitz match"]
[Site "204.178.125.65"]
[Date "2000.08.22"]
[Round "?"]
[White "MissSilicon"]
[Black "Hossa"]
[Result "1-0"]
[WhiteElo "2734"]
[BlackElo "2407"]
[PlyCount "89"]
[EventDate "2000.??.??"]

1. Nf3 d5 2. c4 dxc4 3. Na3 e5 4. Nxe5 Bxa3 5. Qa4+ Nd7 6. bxa3 Ne7 7. Bb2 O-O
8. Nxc4 Re8 9. e3 Nc5 10. Qb4 b6 11. Qc3 Nf5 12. Rc1 Na4 13. Qc2 b5 14. Ba1 c5
15. Ne5 a6 16. Bd3 Qg5 17. O-O Bb7 18. g3 Bc8 19. f4 Qh5 20. Be4 Ra7 21. g4
Nxe3 22. dxe3 Qh4 23. Bc6 Rd8 24. Rfd1 Rxd1+ 25. Qxd1 Qe7 26. Rc2 Bb7 27. Bxb7
Rxb7 28. Rd2 Rb8 29. Rd7 Qh4 30. Nc6 h5 31. Nxb8 Qxg4+ 32. Qxg4 hxg4 33. Nxa6
Nb6 34. Rd8+ Kh7 35. Nxc5 Nc4 36. Rd3 f6 37. Kg2 Nb6 38. Kg3 f5 39. Ne6 Nc4 40.
Rd7 Kh6 41. Bxg7+ Kh5 42. Bd4 Ne5 43. Rh7+ Kg6 44. Nf8+ Kf6 45. Bxe5# {
Hossa checkmated} 1-0

[Event "ICS rated standard match"]
[Site "204.178.125.65"]
[Date "2000.08.22"]
[Round "?"]
[White "Hossa"]
[Black "jjgm"]
[Result "1-0"]
[WhiteElo "2354"]
[BlackElo "1964"]
[PlyCount "47"]
[EventDate "2000.??.??"]

1. Nf3 Nf6 2. g3 d5 3. Bg2 Bf5 4. O-O Qd7 5. Ne5 Qc8 6. d4 c6 7. c4 Nbd7 8.
cxd5 cxd5 9. Nc3 e6 10. Bf4 Nxe5 11. dxe5 Nd7 12. e4 dxe4 13. Nxe4 Be7 14. Nd6+
Bxd6 15. Qxd6 Qc5 16. Bxb7 Qxd6 17. exd6 Rb8 18. Rfc1 O-O 19. Rc7 Rfd8 20. Bc6
Nf6 21. Rxa7 Rxb2 22. d7 Be4 23. Bxe4 Nxe4 24. Bc7 {jjgm resigns} 1-0

[Event "ICS rated standard match"]
[Site "204.178.125.65"]
[Date "2000.08.22"]
[Round "?"]
[White "jjgm"]
[Black "Hossa"]
[Result "0-1"]
[WhiteElo "1961"]
[BlackElo "2357"]
[PlyCount "64"]
[EventDate "2000.??.??"]

1. e4 e5 2. Nf3 Nc6 3. Bb5 a6 4. Ba4 Nf6 5. Bxc6 dxc6 6. d3 Bd6 7. Nbd2 Be6 8.
Nc4 Bxc4 9. dxc4 Nxe4 10. O-O f5 11. Re1 Bb4 12. c3 Qxd1 13. Rxd1 Bd6 14. Be3
b6 15. Nd2 Nxd2 16. Bxd2 Kf7 17. b4 h6 18. g3 Rhd8 19. f4 e4 20. Be3 g6 21. h4
Be7 22. Kf2 Rxd1 23. Rxd1 Rd8 24. Rxd8 Bxd8 25. a4 Bf6 26. Bd4 Bxd4+ 27. cxd4
b5 28. axb5 cxb5 29. cxb5 axb5 30. d5 h5 31. Ke3 Ke7 32. Kd4 Kd6 {jjgm resigns}
0-1